000 00286nam a2200121Ia 4500
005 20251222154334.0
008 251222s9999||||xx |||||||||||||| ||spa||
020 _a84-320-9099-9
082 _a818.5/H97
100 _a"Huston, John"
245 0 _aEl tesoro de sierra madre
942 _cLIB
999 _c34284
_d34284